000 00559nam a22001817a 4500
003 UA-OsUOA
001 8887
007 ta
008 20041005b un ||||| |||| 00| 0 ukr d
100 _aОрлюк Я.
942 _cSA
040 _aUA-OsUOA
_cUA-OsUOA
_dUA-OsUOA
245 _aПавло Зайцев - дослідник життя Тараса Шевченка
_bДо 190 - річчя від дня народження Шевченка
300 _aС.6-8
955 _a0
773 0 _w0
_tДИВОСЛОВО
_d2004
_dN9
650 7 _aЗайцев П.
_2UDC
999 _c295048
_d295048